Países do Mundo por Tamanho - Modo Fácil - Statistics

Estatísticas Gerais
  • Esse quiz foi jogado 620 vezes
  • A pontuação média é 67 de 196
Respostas no mapa
Respostas codificadas por cores de uma escala verde-vermelha no mapa do quiz de acordo com a % correta abaixo.
 
Estatísticas das Respostas
Continente País % Correto
Europa Russia
100%
América do Norte Canadá
98%
Ásia China
97%
América do Sul Brasil
96%
América do Norte Estados Unidos
96%
Oceania Austrália
95%
América do Sul Argentina
93%
Ásia Índia
92%
Ásia Cazaquistão
89%
África Argélia
87%
América do Norte México
81%
África República Democrática do Congo
79%
Ásia Arábia Saudita
77%
América do Sul Peru
75%
África Sudão
74%
África Líbia
73%
Ásia Indonésia
72%
Ásia Irã
72%
Ásia Mongólia
71%
América do Sul Colômbia
70%
África Chade
69%
América do Sul Bolívia
68%
África Angola
67%
África Mali
67%
África Níger
67%
África África do Sul
66%
América do Sul Venezuela
66%
África Etiópia
64%
América do Sul Chile
63%
África Egito
63%
África Mauritânia
62%
Ásia Paquistão
59%
Europa França
58%
África Tanzânia
58%
África Moçambique
57%
África Namíbia
57%
África Nigéria
57%
Ásia Turquia
57%
América do Sul Paraguai
55%
Europa Ucrânia
55%
África Zâmbia
55%
Ásia Afeganistão
54%
Europa Espanha
54%
Ásia Mianmar
54%
Oceania Papua Nova-Guiné
52%
África Sudão do Sul
52%
África Somália
51%
Europa Alemanha
50%
Ásia Iêmen
50%
Ásia Tailândia
50%
América do Sul Equador
49%
Europa Suécia
49%
Ásia Turcomenistão
49%
África Madagáscar
48%
África Botswana
47%
Europa Noruega
47%
África República Centro-Africana
47%
Europa Finlândia
46%
Europa Itália
46%
Ásia Japão
46%
África Quênia
46%
África Camarões
45%
América do Sul Guiana
45%
América do Sul Suriname
45%
América do Sul Uruguai
45%
Ásia Uzbequistão
45%
Ásia Iraque
44%
África Marrocos
44%
Oceania Nova Zelândia
44%
Europa Polônia
44%
África Zimbábue
43%
Ásia Malásia
41%
Ásia Omã
41%
Ásia Vietnã
41%
África República do Congo
40%
Europa Reino Unido
39%
Europa Bielorrússia
38%
Ásia Filipinas
38%
Europa Romênia
38%
África Costa do Marfim
37%
América Central Nicarágua
37%
África Burkina Faso
35%
África Gabão
35%
África Guiné
35%
Ásia Laos
34%
África Uganda
34%
Ásia Camboja
33%
África Gana
33%
Ásia Nepal
33%
África Senegal
33%
Europa Grécia
32%
América Central Honduras
32%
Ásia Quirguistão
32%
Ásia Síria
32%
África Tunísia
32%
Ásia Bangladesh
31%
Ásia Coreia do Norte
30%
Ásia Tajiquistão
30%
América Central Cuba
28%
América Central Guatemala
28%
África Malawi
28%
Europa Bulgária
27%
África Eritreia
26%
Europa Islândia
26%
Europa Portugal
26%
Ásia Coreia do Sul
25%
Europa Hungria
25%
África Libéria
25%
África Benin
23%
Ásia Jordânia
23%
Europa Sérvia
22%
Europa Vaticano
22%
Europa Áustria
20%
Ásia Azerbaijão
20%
Europa Mônaco
20%
Ásia Emirados Árabes Unidos
19%
América Central Panamá
19%
Europa República Tcheca
19%
Ásia Geórgia
17%
Europa Irlanda
17%
Europa Letônia
17%
Europa Lituânia
17%
Oceania Nauru
17%
África Serra Leoa
17%
Europa Suíça
17%
Ásia Butão
16%
América Central Costa Rica
16%
Europa Croácia
16%
Europa Dinamarca
16%
Europa Eslováquia
16%
Europa Estônia
16%
Oceania Ilhas Salomão
16%
Europa Liechtenstein
16%
Europa Países Baixos
16%
América Central República Dominicana
16%
Ásia Sri Lanka
16%
Europa Bósnia e Herzegovina
15%
Europa San Marino
15%
África Togo
15%
Ásia Armênia
14%
Europa Bélgica
14%
Oceania Fiji
14%
Europa Moldávia
14%
Ásia Taiwan
14%
Oceania Tuvalu
14%
Europa Albânia
13%
Europa Andorra
13%
América Central Belize
13%
África Guiné-Bissau
13%
América Central Haiti
13%
Europa Malta
13%
América Central El Salvador
12%
África Lesoto
12%
Europa Macedônia do Norte
12%
América Central São Cristóvão e Névis
12%
África Burundi
11%
Europa Eslovênia
11%
América Central Granada
11%
África Guiné-Equatorial
11%
Oceania Ilhas Marshall
11%
Ásia Israel
11%
África Seychelles
11%
América Central Barbados
10%
África Djibouti
10%
Ásia Maldivas
10%
Europa Montenegro
10%
Oceania Palau
10%
África Ruanda
10%
América Central Antígua e Barbuda
9%
América Central Bahamas
9%
África Essuatíni
9%
Oceania Estados Federados da Micronésia
9%
América Central Jamaica
9%
Ásia Kuwait
9%
Europa Luxemburgo
9%
América Central São Vicente e Granadinas
9%
Ásia Singapura
9%
Oceania Tonga
9%
Europa Kosovo
8%
Oceania Samoa
8%
América Central Trinidad e Tobago
8%
Oceania Vanuatu
8%
África Cabo Verde
7%
Europa Chipre
7%
África Comores
7%
América Central Dominica
7%
Oceania Kiribati
7%
América Central Santa Lúcia
7%
África São Tomé e Príncipe
7%
Ásia Timor-Leste
7%
Ásia Brunei
6%
Ásia Catar
6%
África Gâmbia
6%
Ásia Líbano
6%
África Maurícia
6%
Ásia Bahrein
4%
Nenhum quiz correspondente encontrado
Distribuição das Pontuações
Porcentagem de Pessoas com Cada Pontuação
Percentil de Números Respondidos
Sua Pontuação Histórica
Você não jogou esse quiz